Ipswich Town Players by Picture #5 - Statistics

General Stats
  • This quiz has been taken 263 times
  • The average score is 14 of 30
Answer Stats
Picture Answer % Correct
George Burley
91%
Macauley Bonne
88%
David McGoldrick
77%
Cole Skuse
76%
Alun Armstrong
74%
John McGreal
70%
Sixto Peralta
66%
Giovani dos Santos
61%
Andre Dozzell
60%
Gareth McAuley
57%
Frank Yallop
55%
Kelvin Davis
55%
Adrián Paz
53%
Paul Goddard
53%
Márton Fülöp
50%
Adam Tanner
47%
David Johnson
47%
Steve Whitton
46%
Ian Westlake
42%
Mark Noble
39%
Irvin Gernon
33%
Keith Bertschin
26%
Josh Carson
22%
Ian Collard
16%
Johnny Miller
16%
Ken Hancock
12%
Jimmy Robertson
10%
Nigel Gleghorn
9%
Doug Millward
1%
Len Fletcher
1%
No matching quizzes found
Score Distribution
Percent of People with Each Score
Percentile by Number Answered
Your Score History
You have not taken this quiz